[Event "European Youth Chess Championship B18"]
[Site "Prague, Top Hotel Prague"]
[Date "2016.08.25"]
[Round "7.48"]
[White "Ferreira, Hugo Miguel Da Costa"]
[Black "Levitan, Tal"]
[Result "0-1"]
[WhiteElo "1975"]
[BlackElo "2099"]
[PlyCount "146"]
[EventDate "2016.08.18"]

1. d4 d5 2. Bf4 Nf6 3. e3 e6 4. Nd2 c5 5. c3 Nc6 6. Be2 Bd6 7. Bxd6 Qxd6 8. f4
b6 9. Nh3 Bb7 10. O-O Nd7 11. Nf2 O-O-O 12. Nd3 f6 13. Qc2 Kb8 14. dxc5 Nxc5
15. b4 Nxd3 16. Qxd3 e5 17. a4 Ne7 18. Nb3 d4 19. cxd4 Nd5 20. fxe5 fxe5 21. b5
Qh6 22. e4 Nf4 23. Qf3 Nxe2+ 24. Qxe2 exd4 25. Qd3 Rhe8 26. Nxd4 Bxe4 27. Qg3+
Qd6 28. Qxd6+ Rxd6 29. Nf3 Bb7 30. Rae1 Rc8 31. Re7 Rg6 32. Ne1 Bd5 33. Rf4 Re6
34. Rxe6 Bxe6 35. Re4 Bd5 36. Re7 Rc7 37. Re8+ Kb7 38. Kf2 Bf7 39. Re4 Bg6 40.
Rd4 Re7 41. Nf3 Kc7 42. Nd2 Rd7 43. Rc4+ Kd8 44. Nf3 Re7 45. Nd4 Re4 46. Nc6+
Kd7 47. Rd4+ Rxd4 48. Nxd4 Kd6 49. Ke3 Kc5 50. Nc6 Bc2 51. Nxa7 Bxa4 52. Nc6
Bxb5 53. Nd4 Bd7 54. Nb3+ Kb4 55. Nd2 Bc6 56. g4 Kc3 57. Nb1+ Kc4 58. h4 b5 59.
Nd2+ Kc3 60. Nb1+ Kc2 61. Na3+ Kb2 62. Nxb5 Bxb5 63. Kd4 Be2 64. g5 Bh5 65. Ke5
Kc3 66. Ke6 Kd4 67. Ke7 Ke5 68. Kf8 g6 69. Kg7 Kf5 70. Kxh7 Kg4 71. Kg7 Kxh4
72. Kf6 Kg4 73. Ke5 Kxg5 0-1

[Event "European Youth Chess Championship B18"]
[Site "Prague, Top Hotel Prague"]
[Date "2016.08.25"]
[Round "7.49"]
[White "Pozun, Matej"]
[Black "Lukic, Lazar"]
[Result "1-0"]
[WhiteElo "2078"]
[BlackElo "1939"]
[PlyCount "47"]
[EventDate "2016.08.18"]

1. e4 e5 2. Nf3 Nc6 3. Bb5 a6 4. Ba4 Nge7 5. c3 g6 6. d4 exd4 7. cxd4 b5 8. Bb3
Bg7 9. O-O d6 10. h3 O-O 11. Nc3 Na5 12. Bc2 Bb7 13. b3 c5 14. Be3 f5 15. Bg5
b4 16. Nd5 Bxd5 17. exd5 Re8 18. dxc5 Bxa1 19. Qxa1 Qd7 20. c6 Nexc6 21. dxc6
Nxc6 22. Rd1 d5 23. Bd3 Re6 24. Bc4 1-0

[Event "European Youth Chess Championship B18"]
[Site "Prague, Top Hotel Prague"]
[Date "2016.08.25"]
[Round "7.50"]
[White "Bischofberger, Dario"]
[Black "Sramek, Ondrej"]
[Result "1-0"]
[WhiteElo "2102"]
[BlackElo "1945"]
[PlyCount "57"]
[EventDate "2016.08.18"]

1. d4 Nf6 2. c4 c5 3. d5 b5 4. cxb5 a6 5. bxa6 g6 6. Nc3 Bxa6 7. e4 Bxf1 8.
Kxf1 d6 9. Nf3 Bg7 10. g3 O-O 11. Kg2 Nbd7 12. a4 Ne8 13. Ra3 Nc7 14. Bd2 Ra6
15. Qe2 Qa8 16. b3 Rb8 17. Qd3 Rab6 18. Rb1 Nf6 19. Kg1 e6 20. dxe6 fxe6 21. e5
Nfd5 22. Nxd5 exd5 23. a5 Ra6 24. exd6 Rxd6 25. Bf4 Rd7 26. Rd1 Nb5 27. Ra4 Nc3
28. Bxb8 Nxa4 29. Qb5 {time} 1-0

[Event "European Youth Chess Championship B18"]
[Site "Prague, Top Hotel Prague"]
[Date "2016.08.25"]
[Round "7.51"]
[White "Maes, Tibo"]
[Black "Steindl, Johannes"]
[Result "0-1"]
[WhiteElo "1950"]
[BlackElo "2141"]
[PlyCount "64"]
[EventDate "2016.08.18"]

1. e4 e6 2. d4 d5 3. Nc3 Nf6 4. e5 Nfd7 5. f4 c5 6. Nf3 Nc6 7. Be3 Be7 8. Qd2
O-O 9. O-O-O c4 10. f5 b5 11. f6 gxf6 12. Bh6 fxe5 13. Qf2 Kh8 14. Bxf8 Qxf8
15. dxe5 b4 16. Nb5 Ndxe5 17. Nbd4 Qg7 18. Be2 Bf6 19. Nxe5 Nxd4 20. Rxd4 Bxe5
21. Rg4 Qh6+ 22. Kb1 f5 23. Qh4 Qf8 24. Rg6 Bd7 25. Rh6 Qg7 26. g4 Bxb2 27.
gxf5 exf5 28. Rd6 Ba1 29. Kc1 Re8 30. Rxd5 Rxe2 31. Qd8+ Be8 32. Rhd1 Qb2# 0-1

[Event "European Youth Chess Championship B18"]
[Site "Prague, Top Hotel Prague"]
[Date "2016.08.25"]
[Round "7.52"]
[White "Rajic, Ivan"]
[Black "Sucharda, David"]
[Result "1-0"]
[WhiteElo "1922"]
[BlackElo "2051"]
[PlyCount "83"]
[EventDate "2016.08.18"]

1. d4 Nf6 2. c4 g6 3. Nc3 Bg7 4. Nf3 O-O 5. e4 d6 6. Be2 e5 7. d5 a5 8. O-O Na6
9. Ne1 Nc5 10. f3 Nh5 11. Nd3 b6 12. Be3 f5 13. a3 Nf6 14. b4 axb4 15. axb4
Rxa1 16. Qxa1 Nb3 17. Qb2 Nd4 18. c5 bxc5 19. bxc5 Ba6 20. c6 fxe4 21. fxe4 Qb8
22. Qa2 Qb3 23. Qxb3 Nxb3 24. Nc1 Nxc1 25. Bxa6 Nb3 26. Bd3 Nd4 27. Bxd4 exd4
28. Nb5 Rf7 29. h3 Re7 30. g4 g5 31. Re1 h5 32. Nxd4 hxg4 33. Ne6 Bh6 34. Rf1
Rf7 35. hxg4 Ne8 36. Rf5 Rxf5 37. gxf5 Kf7 38. Be2 Ke7 39. Kg2 Nf6 40. Nxc7
Nxe4 41. Ne6 Nc3 42. c7 1-0

[Event "European Youth Chess Championship B18"]
[Site "Prague, Top Hotel Prague"]
[Date "2016.08.25"]
[Round "7.53"]
[White "Tirziman, Rudolf"]
[Black "Hons, Tomas"]
[Result "1/2-1/2"]
[WhiteElo "1884"]
[BlackElo "2033"]
[PlyCount "95"]
[EventDate "2016.08.18"]

1. e4 c5 2. Nf3 e6 3. Nc3 d6 4. d4 cxd4 5. Nxd4 Qc7 6. g3 Nc6 7. Bg2 a6 8. O-O
Bd7 9. Re1 Be7 10. Nxc6 Bxc6 11. Qg4 h5 12. Qe2 h4 13. Be3 hxg3 14. hxg3 Nf6
15. b4 Rc8 16. a4 Bd7 17. Bd2 e5 18. Rac1 Qc4 19. Qxc4 Rxc4 20. b5 axb5 21.
axb5 O-O 22. Ra1 Rfc8 23. Ra7 Rxc3 24. Bxc3 Rxc3 25. Rxb7 Bd8 26. Rb1 Rxc2 27.
b6 Rc8 28. Ra7 Rb8 29. b7 Bc6 30. Rc1 Rxb7 31. Ra8 Bxe4 32. Rxd8+ Kh7 33. Rxd6
Bxg2 34. Kxg2 Kg6 35. Re1 Kf5 36. Re2 Rd7 37. Rxd7 Nxd7 38. f3 f6 39. Ra2 Nc5
40. Kf2 Ne6 41. Ke3 g5 42. Ra6 Nd4 43. g4+ Kg6 44. Ke4 Kf7 45. Ra3 Ke6 46. Rd3
Nb5 47. Rd2 Nd4 48. Rb2 1/2-1/2

[Event "European Youth Chess Championship B18"]
[Site "Prague, Top Hotel Prague"]
[Date "2016.08.25"]
[Round "7.54"]
[White "Scott, Luke"]
[Black "Kuna, Martin"]
[Result "1-0"]
[WhiteElo "2001"]
[BlackElo "1832"]
[PlyCount "79"]
[EventDate "2016.08.18"]

1. d4 d5 2. c4 c6 3. cxd5 cxd5 4. Nc3 Nf6 5. Nf3 Nc6 6. e3 Bg4 7. Be2 e6 8. O-O
a6 9. a3 Bd6 10. h3 Bxf3 11. Bxf3 O-O 12. b4 b5 13. Bb2 Rc8 14. Rc1 Bb8 15. e4
dxe4 16. Nxe4 Nxe4 17. Bxe4 Qd6 18. g3 Ba7 19. Qc2 Ne7 20. Bxh7+ Kh8 21. Qe4 g6
22. Rxc8 Nxc8 23. Qh4 Kg7 24. Bc1 Rh8 25. Qh6+ Kf6 26. Bg5+ Kf5 27. g4+ Ke4 28.
Bxg6+ fxg6 29. Re1+ Kd5 30. Qxh8 Bxd4 31. Qd8 Qxd8 32. Bxd8 Nd6 33. Kg2 Nc4 34.
h4 Nxa3 35. Be7 Nc2 36. Re2 Na3 37. h5 gxh5 38. gxh5 Nc4 39. h6 Bh8 40. Bf8 1-0

[Event "European Youth Chess Championship B18"]
[Site "Prague, Top Hotel Prague"]
[Date "2016.08.25"]
[Round "7.55"]
[White "Berthaut, Alexandre"]
[Black "Lopez, Popov Ivan"]
[Result "1/2-1/2"]
[WhiteElo "1720"]
[BlackElo "1948"]
[PlyCount "69"]
[EventDate "2016.08.18"]

1. e4 c5 2. Nf3 Nc6 3. d4 cxd4 4. Nxd4 g6 5. Nc3 Bg7 6. Be3 Nf6 7. f3 O-O 8.
Bc4 Qb6 9. Bb3 Re8 10. Nf5 Qa5 11. Nxg7 Kxg7 12. Qd2 d6 13. O-O-O Bd7 14. Bh6+
Kg8 15. h4 Rac8 16. h5 Nxh5 17. g4 Nf6 18. Qh2 Be6 19. Nd5 Bxd5 20. Rxd5 Nxd5
21. Bd2 Qxd2+ 22. Kxd2 Nf6 23. c3 Ne5 24. Bd1 e6 25. g5 Nfd7 26. Qxh7+ Kf8 27.
f4 Nc4+ 28. Kc1 Ke7 29. f5 Nce5 30. fxe6 Kxe6 31. Bb3+ Nc4 32. Rf1 Nde5 33. Qg7
Re7 34. Qf6+ Kd7 35. Bxc4 1/2-1/2

[Event "European Youth Chess Championship B18"]
[Site "Prague, Top Hotel Prague"]
[Date "2016.08.26"]
[Round "8.1"]
[White "Vavulin, Maksim"]
[Black "Petrosyan, Manuel"]
[Result "1/2-1/2"]
[WhiteElo "2559"]
[BlackElo "2512"]
[PlyCount "139"]
[EventDate "2016.08.18"]

1. e4 e5 2. Nf3 Nc6 3. Bb5 Nf6 4. d3 d6 5. c3 Be7 6. O-O O-O 7. Re1 a6 8. Ba4
b5 9. Bc2 d5 10. Nbd2 dxe4 11. dxe4 Be6 12. Qe2 Qc8 13. b3 Bd6 14. Bb2 Qb7 15.
c4 h6 16. Rac1 Nd7 17. Bb1 Rfe8 18. Red1 Qb6 19. cxb5 axb5 20. Nf1 Bc5 21. Ne3
Bxe3 22. Qxe3 Qxe3 23. fxe3 Ra6 24. Rd2 f6 25. Ne1 Ndb8 26. Kf2 Rb6 27. h3 Na6
28. Ke2 Rd8 29. Nd3 Na7 30. Nc5 Rxd2+ 31. Kxd2 Rd6+ 32. Ke2 Nxc5 33. Rxc5 Rc6
34. Ba3 Ra6 35. Bb4 c6 36. Rc2 Nc8 37. Rd2 Kf7 38. Rd8 Ra7 39. Bc5 Rb7 40. Kd2
Nb6 41. Kc3 Nd7 42. Kb4 Bc4 43. a4 Bf1 44. a5 Nb8 45. Bb6 Na6+ 46. Kc3 b4+ 47.
Kd2 Ke7 48. Rg8 Kf7 49. Ra8 Bb5 50. Bc2 Nb8 51. Bd1 Nd7 52. Ba7 g6 53. Be2 Bxe2
54. Kxe2 Rb5 55. Bb6 Nxb6 56. axb6 Rxb6 57. Kd3 Rb7 58. Kc4 Rd7 59. Rc8 Rd2 60.
Rc7+ Ke8 61. g4 Re2 62. Rxc6 Rxe3 63. Rxf6 Rxe4+ 64. Kd5 Re3 65. h4 Rxb3 66.
Rxg6 Rg3 67. Kxe5 Kf7 68. Rf6+ Kg7 69. Rf4 h5 70. Rxb4 1/2-1/2

[Event "European Youth Chess Championship B18"]
[Site "Prague, Top Hotel Prague"]
[Date "2016.08.26"]
[Round "8.2"]
[White "Kelires, Andreas"]
[Black "Jarmula, Lukasz"]
[Result "0-1"]
[WhiteElo "2483"]
[BlackElo "2452"]
[PlyCount "60"]
[EventDate "2016.08.18"]

1. d4 Nf6 2. Nf3 g6 3. Bg5 Bg7 4. Nbd2 O-O 5. c3 d5 6. e3 Nbd7 7. Be2 Re8 8.
O-O e5 9. h3 c6 10. Bh4 Qb6 11. Qc2 e4 12. Nh2 c5 13. Rac1 h5 14. Rfd1 Bh6 15.
Bg3 g5 16. h4 cxd4 17. cxd4 Nf8 18. hxg5 Bxg5 19. Be5 Ng6 20. Bxf6 Qxf6 21.
Bxh5 Kg7 22. Qc7 Bh4 23. f4 Rh8 24. Bxg6 Qxg6 25. Qe5+ Bf6 26. Qxd5 Rh5 27.
Qxe4 Bf5 28. Qf3 Rh3 29. Qxb7 Rah8 30. Nhf3 Qg3 0-1

[Event "European Youth Chess Championship B18"]
[Site "Prague, Top Hotel Prague"]
[Date "2016.08.26"]
[Round "8.3"]
[White "Bellahcene, Bilel"]
[Black "Vykouk, Jan"]
[Result "1-0"]
[WhiteElo "2467"]
[BlackElo "2434"]
[PlyCount "74"]
[EventDate "2016.08.18"]

1. e4 d6 2. d4 Nf6 3. Nc3 e5 4. Nf3 Nbd7 5. Bc4 Be7 6. O-O O-O 7. Re1 c6 8. a4
exd4 9. Nxd4 Ne5 10. Ba2 Re8 11. h3 Bf8 12. f4 Ng6 13. Qd3 d5 14. e5 Nd7 15.
Nf3 Nc5 16. Qf1 Qb6 17. Kh1 Bf5 18. Bb1 Rad8 19. a5 Qc7 20. Ne2 Be4 21. b4 Nd7
22. c3 Bxb1 23. Rxb1 c5 24. Ng3 b6 25. c4 dxc4 26. Qxc4 bxa5 27. bxa5 Rb8 28.
Bd2 Rxb1 29. Rxb1 Rb8 30. Re1 h6 31. Bc3 Re8 32. Nh5 Re7 33. e6 Rxe6 34. Rxe6
fxe6 35. Qxe6+ Kh7 36. f5 Nh8 37. Bxg7 Nf6 1-0

[Event "European Youth Chess Championship B18"]
[Site "Prague, Top Hotel Prague"]
[Date "2016.08.26"]
[Round "8.4"]
[White "Martirosyan, Haik M"]
[Black "Anikonov, Dmitry"]
[Result "1-0"]
[WhiteElo "2461"]
[BlackElo "2407"]
[PlyCount "41"]
[EventDate "2016.08.18"]

1. d4 d5 2. c4 c6 3. Nf3 Nf6 4. Nc3 e6 5. Bg5 dxc4 6. a4 Bb4 7. e4 Bxc3+ 8.
bxc3 Qa5 9. e5 Ne4 10. Rc1 b5 11. Qc2 Nxg5 12. Nxg5 h6 13. Ne4 O-O 14. g4 Nd7
15. g5 h5 16. Nf6+ Nxf6 17. gxf6 g6 18. Rg1 Qc7 19. Qd2 Kh7 20. Rg5 Rg8 21. Bg2
1-0

[Event "European Youth Chess Championship B18"]
[Site "Prague, Top Hotel Prague"]
[Date "2016.08.26"]
[Round "8.5"]
[White "Molenda, Marcin"]
[Black "Nguyen, Thai Dai Van"]
[Result "0-1"]
[WhiteElo "2277"]
[BlackElo "2445"]
[PlyCount "64"]
[EventDate "2016.08.18"]

1. d4 Nf6 2. Nf3 e6 3. c4 b6 4. a3 Bb7 5. Nc3 d5 6. cxd5 Nxd5 7. Bd2 Be7 8. Qc2
O-O 9. e4 Nxc3 10. Bxc3 Nd7 11. Rd1 Qc8 12. Be2 Rd8 13. O-O c5 14. Rfe1 cxd4
15. Nxd4 a6 16. Bf1 Qc7 17. Qe2 Bxa3 18. Qg4 Ne5 19. Qh5 Ng6 20. Re3 Nf4 21.
Qg4 Bf8 22. Rc1 Rxd4 23. Bxd4 Qxc1 24. Qxf4 a5 25. Rf3 Qxf4 26. Rxf4 Rc8 27.
Bc3 Bb4 28. Bxb4 axb4 29. f3 e5 30. Rf5 f6 31. b3 Rc3 32. Bc4+ Rxc4 0-1

[Event "European Youth Chess Championship B18"]
[Site "Prague, Top Hotel Prague"]
[Date "2016.08.26"]
[Round "8.6"]
[White "Santos, Ruiz Miguel"]
[Black "Hauge, Lars Oskar"]
[Result "1-0"]
[WhiteElo "2440"]
[BlackElo "2391"]
[PlyCount "49"]
[EventDate "2016.08.18"]

1. e4 c5 2. Nf3 d6 3. d4 cxd4 4. Nxd4 Nf6 5. Nc3 a6 6. a4 e6 7. g3 b6 8. Bg2
Bb7 9. O-O Qc7 10. Re1 Be7 11. g4 h6 12. h4 Nfd7 13. Nd5 exd5 14. exd5 g6 15.
h5 Nf8 16. Ra3 Nbd7 17. Rc3 Qd8 18. Nc6 Bxc6 19. dxc6 Nc5 20. c7 Qc8 21. Qxd6
Nfe6 22. Qc6+ Kf8 23. Qxa8 Qxa8 24. Bxa8 Nxc7 25. Bg2 1-0

[Event "European Youth Chess Championship B18"]
[Site "Prague, Top Hotel Prague"]
[Date "2016.08.26"]
[Round "8.7"]
[White "Kaczur, Florian"]
[Black "Grigorian, Spartak"]
[Result "1-0"]
[WhiteElo "2426"]
[BlackElo "2340"]
[PlyCount "119"]
[EventDate "2016.08.18"]

1. d4 Nf6 2. c4 e6 3. Nf3 d5 4. g3 Be7 5. Bg2 O-O 6. O-O dxc4 7. Qc2 a6 8. a4
Bd7 9. Qxc4 Bc6 10. Bg5 a5 11. Nc3 Ra6 12. e3 Rb6 13. Qe2 Bxf3 14. Bxf3 c6 15.
Kg2 Ne8 16. Bxe7 Qxe7 17. Rfd1 Nf6 18. Rd2 Nbd7 19. Rad1 h6 20. e4 e5 21. d5
Nc5 22. Qe3 cxd5 23. exd5 e4 24. Be2 Nfd7 25. d6 Qe6 26. Bb5 Rc8 27. Rd4 Nf6
28. Nd5 Ng4 29. Qe2 Rxb5 30. axb5 Rd8 31. Qc4 b6 32. Ne7+ Kf8 33. Qxe6 fxe6 34.
Nc6 Rd7 35. b4 axb4 36. h3 Nf6 37. Ra1 g5 38. Ra8+ Kg7 39. Ne5 b3 40. Nxd7
Nfxd7 41. Rb4 Kf6 42. Ra7 Ne5 43. Ra3 Nf7 44. Ra6 Nxd6 45. Rxb6 Ke5 46. Rxd6
Kxd6 47. b6 Kc6 48. h4 g4 49. h5 Kb7 50. Rb5 Ka6 51. Rb4 Kb7 52. Kg1 Kc6 53.
Kh1 Kb7 54. Kh2 Kc6 55. b7 Nxb7 56. Rxb3 Nd6 57. Rb8 Kd5 58. Rg8 Nf7 59. Rxg4
Ng5 60. Rxg5+ 1-0

[Event "European Youth Chess Championship B18"]
[Site "Prague, Top Hotel Prague"]
[Date "2016.08.26"]
[Round "8.8"]
[White "Haria, Ravi"]
[Black "Livaic, Leon"]
[Result "0-1"]
[WhiteElo "2394"]
[BlackElo "2444"]
[PlyCount "108"]
[EventDate "2016.08.18"]

1. Nf3 Nf6 2. g3 b6 3. Bg2 Bb7 4. c4 c5 5. O-O g6 6. b3 Bg7 7. Bb2 O-O 8. d4
cxd4 9. Qxd4 d6 10. Nc3 Ne4 11. Qe3 Nxc3 12. Bxc3 Bxc3 13. Qxc3 Nd7 14. Rfd1
Qc7 15. Qe3 Nf6 16. h3 Kg7 17. Rac1 Rac8 18. b4 Rfe8 19. Rd4 h6 20. g4 e5 21.
Rdd1 Qe7 22. Nh4 Bxg2 23. Nxg2 Red8 24. Nf4 Qb7 25. Nd3 Qe4 26. Qxe4 Nxe4 27.
b5 Kf6 28. Nb4 Ke6 29. Rd3 Rd7 30. Re3 f5 31. f3 Nc5 32. Kf2 f4 33. Ra3 Rdc7
34. Nd5 Rh7 35. h4 Rf7 36. Re1 e4 37. Rd1 e3+ 38. Kg2 Ke5 39. Nb4 Ke6 40. Nc6
Ra8 41. Rd4 Raf8 42. Rd5 Rc7 43. Nd4+ Kd7 44. h5 g5 45. Rf5 Ke8 46. Rxf8+ Kxf8
47. Nf5 Rd7 48. Nxh6 d5 49. Nf5 dxc4 50. h6 Kg8 51. Kh3 Kh8 52. Rc3 Rd2 53.
Rxc4 Rxe2 54. Rd4 Rd2 0-1

[Event "European Youth Chess Championship B18"]
[Site "Prague, Top Hotel Prague"]
[Date "2016.08.26"]
[Round "8.9"]
[White "Blahynka, Martin"]
[Black "Plenca, Jadranko"]
[Result "0-1"]
[WhiteElo "2431"]
[BlackElo "2389"]
[PlyCount "64"]
[EventDate "2016.08.18"]

1. e4 e5 2. Nf3 Nc6 3. Bb5 a6 4. Bxc6 dxc6 5. O-O Qd6 6. Na3 Be6 7. Qe2 f6 8.
d4 exd4 9. Rd1 c5 10. c3 Bg4 11. Be3 Ne7 12. cxd4 cxd4 13. Nc4 Qd7 14. Bxd4 Ng6
15. Rac1 Qe6 16. Na5 Nh4 17. Qc4 Qxc4 18. Rxc4 Nxf3+ 19. gxf3 Bxf3 20. Re1
O-O-O 21. Bb6 Bd6 22. Rc3 Bh5 23. e5 fxe5 24. Rec1 Rd7 25. Nc4 Kb8 26. Nxd6
cxb6 27. Nc4 e4 28. Nxb6 Rd6 29. Nc4 Rd4 30. a4 Rc8 31. a5 Rd3 32. Nd6 Rcxc3
0-1

[Event "European Youth Chess Championship B18"]
[Site "Prague, Top Hotel Prague"]
[Date "2016.08.26"]
[Round "8.10"]
[White "Portela, Peleteiro Alberto"]
[Black "Suarez, Gomez Julio"]
[Result "1/2-1/2"]
[WhiteElo "2340"]
[BlackElo "2429"]
[PlyCount "79"]
[EventDate "2016.08.18"]

1. e4 e6 2. d4 d5 3. Nc3 Bb4 4. Nge2 Nc6 5. a3 Ba5 6. b4 Bb6 7. Bb2 Nge7 8. g3
e5 9. exd5 Nxd4 10. Bg2 Bg4 11. Qd3 a5 12. h3 Bf5 13. Ne4 axb4 14. axb4 Rxa1+
15. Bxa1 Nxd5 16. Bxd4 exd4 17. Nxd4 Nxb4 18. Qb5+ Qd7 19. Nd6+ cxd6 20. Nxf5
Nxc2+ 21. Kd2 Qxb5 22. Nxd6+ Ke7 23. Nxb5 Nd4 24. Nxd4 Bxd4 25. Re1+ Kd6 26.
Bxb7 Bxf2 27. Rf1 Bxg3 28. Rxf7 Be5 29. Be4 Bf6 30. Ke3 Ke5 31. Kf3 h5 32. Rb7
h4 33. Rb5+ Kd6 34. Rb6+ Kc5 35. Re6 Rb8 36. Bf5 Ra8 37. Rc6+ Kb5 38. Rc8 Ra1
39. Bg4 Re1 40. Kf4 1/2-1/2

[Event "European Youth Chess Championship B18"]
[Site "Prague, Top Hotel Prague"]
[Date "2016.08.26"]
[Round "8.11"]
[White "Kantor, Gergely"]
[Black "Carnicelli, Valerio"]
[Result "1-0"]
[WhiteElo "2411"]
[BlackElo "2244"]
[PlyCount "75"]
[EventDate "2016.08.18"]

1. d4 Nf6 2. c4 c5 3. d5 b5 4. cxb5 a6 5. bxa6 g6 6. Nc3 Bxa6 7. e4 Bxf1 8.
Kxf1 d6 9. Nf3 Bg7 10. g3 O-O 11. Kg2 Qb6 12. Re1 Qb7 13. Rb1 Nfd7 14. Bg5 Nb6
15. Qd2 Re8 16. Bh6 Bh8 17. h4 N8d7 18. h5 Nc4 19. Qf4 Nde5 20. hxg6 fxg6 21.
Ng5 Bf6 22. Rh1 Nxb2 23. Ne6 Ra3 24. Nd1 Rxa2 25. Bg5 Rb8 26. Bxf6 exf6 27.
Rxb2 Rxb2 28. Nxb2 Qxb2 29. Qh6 Qxf2+ 30. Kxf2 Ng4+ 31. Kf3 Nxh6 32. Rxh6 Rb3+
33. Kf4 Rb4 34. g4 Rb1 35. g5 f5 36. Rh3 fxe4 37. Ra3 h6 38. Ra8+ 1-0

[Event "European Youth Chess Championship B18"]
[Site "Prague, Top Hotel Prague"]
[Date "2016.08.26"]
[Round "8.12"]
[White "Marek, Matyas"]
[Black "Juhasz, Armin"]
[Result "1/2-1/2"]
[WhiteElo "2389"]
[BlackElo "2411"]
[PlyCount "47"]
[EventDate "2016.08.18"]

1. e4 e6 2. d4 d5 3. Nc3 dxe4 4. Nxe4 Bd7 5. Nf3 Bc6 6. Bd3 Nd7 7. O-O Ngf6 8.
Ng3 Be7 9. Re1 O-O 10. c4 Bxf3 11. Qxf3 c6 12. a3 a5 13. b3 Re8 14. Bb2 Qb6 15.
Rad1 Rad8 16. h4 Nf8 17. h5 h6 18. Bc2 Qc7 19. Ne4 Nxe4 20. Qxe4 Bf6 21. Bc1
Qd6 22. Bf4 Qxa3 23. Bc7 Rd7 24. Bb6 1/2-1/2

[Event "European Youth Chess Championship B18"]
[Site "Prague, Top Hotel Prague"]
[Date "2016.08.26"]
[Round "8.13"]
[White "Percivaldi, Martin"]
[Black "Christiansen, Johan-Sebastian"]
[Result "1-0"]
[WhiteElo "2361"]
[BlackElo "2404"]
[PlyCount "111"]
[EventDate "2016.08.18"]

1. Nf3 c5 2. c4 g6 3. d4 cxd4 4. Nxd4 Bg7 5. e4 Nc6 6. Be3 Nf6 7. Nc3 Ng4 8.
Qxg4 Nxd4 9. Qd1 Ne6 10. Be2 Bxc3+ 11. bxc3 Qa5 12. O-O Qxc3 13. Rc1 Qe5 14.
Bd3 Qa5 15. f4 d6 16. Bb1 Bd7 17. f5 Nc5 18. f6 Ba4 19. Qd4 Ne6 20. Qd5 Qc7 21.
fxe7 Qxe7 22. e5 dxe5 23. Qxe5 O-O 24. Rce1 Qh4 25. Be4 Bc6 26. Bd5 Rae8 27. g3
Qg4 28. Bxc6 bxc6 29. Bh6 Qd4+ 30. Qxd4 Nxd4 31. Rb1 Re7 32. Bxf8 Kxf8 33. Rb2
h5 34. Kf2 Re5 35. Re1 Rf5+ 36. Kg2 Rc5 37. Rb7 Rxc4 38. Ree7 Rc2+ 39. Kf1 Rc1+
40. Kf2 Rc2+ 41. Ke1 Rc1+ 42. Kd2 Rf1 43. Rxa7 Nf3+ 44. Kc3 Nxh2 45. a4 g5 46.
Re5 Rf3+ 47. Kb4 Nf1 48. Ra8+ Kg7 49. Rxg5+ Kh6 50. Rag8 Ne3 51. a5 Nd5+ 52.
Rxd5 cxd5 53. a6 Kh7 54. Rd8 Rxg3 55. a7 Rg4+ 56. Kb5 1-0

[Event "European Youth Chess Championship B18"]
[Site "Prague, Top Hotel Prague"]
[Date "2016.08.26"]
[Round "8.14"]
[White "Rydl, Jiri"]
[Black "Tutisani, Noe"]
[Result "1/2-1/2"]
[WhiteElo "2401"]
[BlackElo "2366"]
[PlyCount "106"]
[EventDate "2016.08.18"]

1. c4 g6 2. g3 Nf6 3. Bg2 Bg7 4. Nc3 O-O 5. e4 d6 6. Nge2 e5 7. O-O Nc6 8. d3
Be6 9. Nd5 Ne8 10. Be3 Qd7 11. Qd2 f5 12. exf5 Bxf5 13. Rfe1 Bg4 14. b4 Bf3 15.
Bxf3 Rxf3 16. b5 Nd8 17. d4 c6 18. Ndc3 Qg4 19. Kg2 Rf5 20. f4 Rh5 21. Ng1 exf4
22. Bxf4 Ne6 23. Be3 Nxd4 24. Bf2 Nf5 25. Qd3 Nh6 26. Rac1 Qd7 27. h3 Nf7 28.
bxc6 bxc6 29. Ne4 Ne5 30. Qb3 Rf5 31. Red1 Rd8 32. Rc2 Qe7 33. Qe3 Nf7 34. Nf3
Nf6 35. Nxf6+ Qxf6 36. Nd4 Rc5 37. Qe6 Ra8 38. Re1 Qxe6 39. Nxe6 Re5 40. Nxg7
Rxe1 41. Bxe1 Kxg7 42. Bc3+ Kf8 43. Rb2 Ke7 44. Rb7+ Ke6 45. Kf3 Ng5+ 46. Ke3
Rf8 47. Ke2 Rf3 48. Bd2 Rxg3 49. Bf4 Rxh3 50. Bxg5 Rh2+ 51. Kd3 Rxa2 52. Rxh7
Ra3+ 53. Kd4 d5 1/2-1/2

[Event "European Youth Chess Championship B18"]
[Site "Prague, Top Hotel Prague"]
[Date "2016.08.26"]
[Round "8.15"]
[White "Morozov, Nichita"]
[Black "Havelka, Josef"]
[Result "0-1"]
[WhiteElo "2398"]
[BlackElo "2277"]
[PlyCount "70"]
[EventDate "2016.08.18"]

1. d4 Nf6 2. Nf3 e6 3. e3 c5 4. Bd3 Nc6 5. O-O d5 6. b3 Be7 7. Bb2 O-O 8. a3 b6
9. Nbd2 Bb7 10. Qe2 Rc8 11. Rac1 Rc7 12. Rfd1 Qa8 13. Ne5 Rfc8 14. f4 Ne4 15.
Nxf7 Kxf7 16. Nxe4 dxe4 17. Qh5+ Kf8 18. Bxe4 Bf6 19. Qxh7 Ne7 20. Bxb7 Qxb7
21. e4 Bxd4+ 22. Bxd4 cxd4 23. Rxd4 Rd7 24. Qh8+ Ng8 25. Rcd1 Rcd8 26. Rxd7
Rxd7 27. Re1 Qc7 28. Qh3 Qc5+ 29. Kh1 Qf2 30. Rg1 Qxf4 31. Qxe6 Nf6 32. Re1 Re7
33. Qc8+ Re8 34. Qc4 Rxe4 35. Rxe4 Qc1+ 0-1

[Event "European Youth Chess Championship B18"]
[Site "Prague, Top Hotel Prague"]
[Date "2016.08.26"]
[Round "8.16"]
[White "Winiarski, Mikolaj"]
[Black "Stefanov, Emil"]
[Result "0-1"]
[WhiteElo "2285"]
[BlackElo "2505"]
[PlyCount "90"]
[EventDate "2016.08.18"]

1. e4 e5 2. Nf3 Nc6 3. Bb5 a6 4. Ba4 Nge7 5. O-O d6 6. c3 Bd7 7. d4 Ng6 8. Nbd2
Be7 9. d5 Nb8 10. Bxd7+ Nxd7 11. Nc4 O-O 12. Ne3 Nc5 13. Qc2 b5 14. Nf5 Bf6 15.
b4 Na4 16. c4 Qd7 17. c5 Ne7 18. Nxe7+ Bxe7 19. Be3 f5 20. c6 Qe8 21. exf5 Qf7
22. Qb3 Qxf5 23. Rac1 Rf7 24. Nd2 Raf8 25. Qc2 Qh5 26. Ne4 h6 27. Qd2 g5 28.
Ng3 Qg6 29. Qc2 Kh7 30. Qxg6+ Kxg6 31. Rc2 g4 32. Ne4 Bg5 33. Nxg5 hxg5 34. g3
Rh7 35. Kg2 Rfh8 36. Rh1 Kf5 37. f3 gxf3+ 38. Kxf3 g4+ 39. Kg2 Ke4 40. Bg5 Kxd5
41. Bh4 Rf8 42. h3 gxh3+ 43. Kxh3 Nb6 44. Rd1+ Ke6 45. Kg2 Nd5 0-1

[Event "European Youth Chess Championship B18"]
[Site "Prague, Top Hotel Prague"]
[Date "2016.08.26"]
[Round "8.17"]
[White "Bakhmatsky, Vladislav"]
[Black "Beerdsen, Thomas"]
[Result "0-1"]
[WhiteElo "2296"]
[BlackElo "2424"]
[PlyCount "56"]
[EventDate "2016.08.18"]

1. e4 e5 2. Nf3 Nc6 3. Bc4 Nf6 4. d3 h6 5. O-O d6 6. a3 g5 7. b4 g4 8. Ne1 Qe7
9. Nc3 Be6 10. Nd5 Bxd5 11. exd5 Nb8 12. c3 c6 13. dxc6 bxc6 14. d4 exd4 15.
cxd4 d5 16. Nc2 Rg8 17. Bd3 Ne4 18. f3 Nc3 19. Qd2 gxf3 20. Rxf3 Ne4 21. Qf4
Nd7 22. Bb2 Qg5 23. Qxf7+ Kd8 24. Re1 Bd6 25. Bc1 Qh4 26. Qxg8+ Kc7 27. Qxa8
Bxh2+ 28. Kf1 Qf2+ 0-1